01475nam a22003251a 45000010005000000030008000050050017000130080041000300350014000710400028000850410008001130820025001211100081001462450027002272600032002543000033002864900020003195000188003395060058005275100049005856100050006346100039006846500026007237100050007497100093007998560109008929420012010019990015010139520121010286573BD-RjUL20211208234253.0110114s1958 dcud s f000 0 eng d a(BD-RjUL) aProQuestcProQuestbeng aeng 222a658.15bHEI 19581 aUnited States.bCongress.bHouse.bCommittee on Banking and Currency.92068410aInterational Finance / aWashington :b[s.n.],c1958 a267 p. :bdigital, PDF file.0 aH. Doc. 94-110. aRecord is based on bibliographic data in ProQuest U.S. Serial Set Digital Collection (last viewed June 2011). Reuse except for individual research requires license from ProQuest, LLC.00aOnline access limited to Boston University community.3 aProQuest U.S. Serial Set Digital Collection.10aUnited States.bDept. of the Treasury.92068520aInternational Monetary Fund.99762 0aFiscal policy.9206861 aUnited States.bDept. of the Treasury.9206872 aNational Advisory Council on International Monetary and Financial Policies (U.S.)92068840uhttp://www.lexisnexis.com.ezproxy.bu.edu/congcomp/getdoc?SERIAL-SET-ID=13109-5+H.doc.110zOnline version 2ddccBK c6573d6573 00102ddc40718NFICaRUCLbRUCLcreadingd2014-01-11l0o658.15 HEI 1958r2014-01-11 00:00:00tC-1w2014-01-11yBK